| 000 | nam a22 7a 4500 | ||
|---|---|---|---|
| 999 |
_c4189 _d4189 |
||
| 005 | 20170525145042.0 | ||
| 008 | 170525b2002 my ||||| |||| 00| 0 may d | ||
| 020 | _a98354033683 | ||
| 040 | _aAKMAL | ||
| 082 | _a959.5054 MAH | ||
| 090 |
_a959.5054 _bMAH |
||
| 245 | 0 |
_aKoleksi Ucapan Mahathir (Januari - Disember 2001) : _bSiri Ucapan Penting / _cdisusun oleh Razali Kidam dan Amidah Hamim |
|
| 260 |
_aKuala Lumpur : _bJabatan Perkhidmatan Penerangan Malaysia, _c2002 |
||
| 300 |
_a275p _ccm |
||
| 942 |
_2ddc _cBOOK |
||